Digital signal processing : Principles, algorithms and applications (Record no. 194679)

MARC details
000 -LEADER
fixed length control field 00495nam a2200169Ia 4500
008 - FIXED-LENGTH DATA ELEMENTS--GENERAL INFORMATION
fixed length control field 231217s9999 xx 000 0 und d
020 ## - INTERNATIONAL STANDARD BOOK NUMBER
International Standard Book Number 81-203-1129-9
041 ## - LANGUAGE CODE
Language code of text/sound track or separate title English
082 ## - DEWEY DECIMAL CLASSIFICATION NUMBER
Classification number 621.38481 PRO;70
100 ## - MAIN ENTRY--PERSONAL NAME
Personal name Proakis, John G. Manolakis, Dimitris G.
245 #0 - TITLE STATEMENT
Title Digital signal processing : Principles, algorithms and applications
250 ## - EDITION STATEMENT
Edition statement 3rd ed.
260 ## - PUBLICATION, DISTRIBUTION, ETC.
Date of publication, distribution, etc. 1996
Name of publisher, distributor, etc. PHI,
Place of publication, distribution, etc. New Delhi
300 ## - PHYSICAL DESCRIPTION
Extent xv, 968+R+15
650 ## - SUBJECT ADDED ENTRY--TOPICAL TERM
Topical term or geographic name entry element Digital,processing,Principles,
942 ## - ADDED ENTRY ELEMENTS (KOHA)
Koha item type Books
Holdings
Date last seen Total checkouts Full call number Accession number Date last checked out Cost, total (INR) price Price effective from Category Lost status Damaged status Department Withdrawn status Home library Current library Shelving location Entry date Vendor Cost, normal purchase price Grants Billnumber Billdate Currency symbol Conversion rate Discount Old discount
08/04/2024 1 621.38481 PRO;70 85334 02/04/2024 250.75 26/01/2024 Books     Central Library   Central Library Central Library Central Library 09/04/2013 Sapna Book House 295.00 MCA 17284 20/09/2019 RS 1 44.25 15

© For any Suggestions or Query, please contact the library staff @ librarian@pes.edu or Phone: +9180 2672 1983/ 2108.